<?xml version="1.0" encoding="UTF-8"?>
<record
    xmlns:xsi="http://www.w3.org/2001/XMLSchema-instance"
    xsi:schemaLocation="http://www.loc.gov/MARC21/slim http://www.loc.gov/standards/marcxml/schema/MARC21slim.xsd"
    xmlns="http://www.loc.gov/MARC21/slim">

  <leader>004410000a22001330004500</leader>
  <datafield tag="090" ind1=" " ind2=" ">
    <subfield code="a">AS</subfield>
    <subfield code="b">Seriadas</subfield>
  </datafield>
  <datafield tag="245" ind1="1" ind2="0">
    <subfield code="a">Camarones palaem&#xF3;nidos (&lt;Crustacea: Caridea: Palamonidae&gt;) de agua dulce y salobre del departamento del Valle del Cauca</subfield>
  </datafield>
  <datafield tag="041" ind1="0" ind2=" ">
    <subfield code="a">Espa&#xF1;ol</subfield>
  </datafield>
  <datafield tag="700" ind1="1" ind2=" ">
    <subfield code="a">Caicedo, Carlos</subfield>
    <subfield code="9">99485</subfield>
  </datafield>
  <datafield tag="700" ind1="1" ind2=" ">
    <subfield code="a">R&#xED;os, Ra&#xFA;l</subfield>
    <subfield code="9">20141</subfield>
  </datafield>
  <datafield tag="100" ind1="1" ind2=" ">
    <subfield code="a">Prahl, Henry von</subfield>
    <subfield code="9">3651</subfield>
  </datafield>
  <datafield tag="942" ind1=" " ind2=" ">
    <subfield code="c">ARTICULO</subfield>
  </datafield>
  <datafield tag="773" ind1="1" ind2=" ">
    <subfield code="t">Cespedesia</subfield>
    <subfield code="3">124</subfield>
    <subfield code="h">47-48</subfield>
    <subfield code="q">45-58</subfield>
    <subfield code="d">1984</subfield>
    <subfield code="g">13</subfield>
  </datafield>
  <datafield tag="999" ind1=" " ind2=" ">
    <subfield code="c">15072</subfield>
    <subfield code="d">15072</subfield>
  </datafield>
</record>
